01470nam a22001937a 4500003000900000005001700009008003800026020001800064040002600082082002400108100003600132245004600168260004000214300002200254500007000276505086900346650002901215650003201244DO-SdBNP20240228140800.0210901b 2018 dr 00| 0 eng d a9789945609912 aDO-SdBNPbspacBNPHU  4222aPR861.44bS454c1 a Segarra Báez, Iván,d1967-10aEl cañaveral / cIván Segarra-Báez. aSanto Domingo : bSantuario,c2018. a171 p. :c23 cm.  aIncluye datos biográficos del autor en la solapa de la cubierta0 aI. Primera parte. La costa -- La llegada -- El bastión español -- La hacienda Real -- El ataque de 1625 -- El negro Marcelo -- Bernardino de Manzanedo y los colgados por el torso -- El nacimiento de mi padre -- Fray Bernardo de Balbuena y la quema de la biblioteca -- El ataque de Sir George Clifford -- Segunda parte La venta de esclavos -- La Defensa y don Diego Torres de Vardas -- Los corsarios y el contrabando -- El trabajo y la evangelización -- El origen -- La guerra de la oreja de Jenkins -- La trata de esclavos -- El sueño -- San Zacarías 1713 -- El viento del mar -- Tercera parte. La tierra -- El encuentro -- La Real factoría de San Pablo de Loanda -- Escribo sobre cenizas -- Los cimarrones -- El cabildo de San Juan -- La partida -- La última batalla -- El regreso -- El viaje -- Epílogo. La negra Elena y el gran origen. 4aNovela puertorriqueña  4aLiteratura puestorriqueña